Salud mental de migrantes centroamericanos indocumentados en tránsito por la frontera sur de México /

Uloženo v:
Podrobná bibliografie
Hlavní autor: Temores-Alcántara, Guadalupe
Další autoři: Infante, César, Caballero, Marta, Flores-Palacios, Fátima, Santillanes-Allande, Nadia
Médium: Kniha
Jazyk:Spanish
Tagy: Přidat tag
Žádné tagy, Buďte první, kdo vytvoří štítek k tomuto záznamu!

MARC

LEADER 00000nam a22000007a 4500
003 cru CIDCACS/IIS
005 20170510134240.0
007 ta
008 170510s2015 mx ||||| |||| 00| 0 spa d
040 |c cru CIDCACS/IIS 
100 1 |9 4577  |a Temores-Alcántara, Guadalupe 
245 1 |a Salud mental de migrantes centroamericanos indocumentados en tránsito por la frontera sur de México /  |c Guadalupe Temores-Alcántara y otros 
300 |a páginas 227-233 
700 1 |9 4578  |a Infante, César 
700 1 |9 4579  |a Caballero, Marta 
700 1 |9 4580  |a Flores-Palacios, Fátima 
700 1 |9 4581  |a Santillanes-Allande, Nadia 
773 0 |0 19284  |9 741  |a Instituto Nacional de Salud Pública (México)  |d México: Instituto Nacional de Salud Pública  |o R17808  |t Salud Pública de México /  |x 00363634 
942 |2 ddc  |c PP 
999 |c 19286  |d 19286